Banderas de One Piece - Estadísticas

Estadísticas generales
  • Esta prueba ha sido intentada 149 veces
  • La puntuación promedio es 25 de 46
Estadísticas de respuestas
Imagen Respuesta % Correcto
Monkey D. Luffy
99%
Buggy
98%
Trafalgar D. Water Law
90%
Shanks
85%
Arlong
84%
Charlotte Linlin
84%
Portgas D. Ace
84%
Edward Newgate
83%
Eustass Kid
83%
Kaidou
77%
Marshall D. Teach
76%
Foxy
74%
Donquixote Doflamingo
72%
Jewelry Bonney
72%
Marina
72%
Capone Bege
71%
Bartolomeo
69%
Kuro
69%
Gobierno Mundial
68%
Fisher Tiger
65%
Boa Hancock
64%
Gol D. Roger
63%
Scratchmen Apoo
60%
Basil Hawkins
58%
Cavendish
58%
Gecko Moria
57%
Zeff
53%
Urouge
52%
Alvida
44%
Shiki
42%
Wapol
38%
Hody Jones
33%
X Drake
31%
Bellamy
28%
Don Krieg
28%
Dorry/Brogy
28%
Chahige
27%
Hajrudin
18%
Leo
18%
Caribou
15%
Masira
15%
Orlumbus
15%
Shoujou
11%
Ideo
10%
Squard
9%
Yorki
5%
No se encontraron pruebas coincidentes
Distribución de puntuación
Porcentaje de gente con cada puntuación
Porcentaje por número respondido
Historial de tus puntuaciones
No has intentado esta prueba.